Accident / Lluïsa Cunillé ; pròleg de José Sanchis Sinisterra
Descripción Física:
75 p. ; 18 cm
Colección:
Biblioteca teatral ; 92
Otros Autores:
Sanchis Sinisterra, José, 1940-
MARC
| LEADER | 00000nam a2200000Ia 4500 | ||
|---|---|---|---|
| 001 | 11477 | ||
| 008 | 160829s1996 xx 000 0 cat d | ||
| 080 | |a L-1-276 | ||
| 100 | |a Cunillé, Lluïsa, |d 1961- |9 28997 | ||
| 245 | |a Accident / Lluïsa Cunillé ; pròleg de José Sanchis Sinisterra | ||
| 260 | |a Barcelona : |b Institut del Teatre, Diputació de Barcelona, |c 1996 | ||
| 300 | |a 75 p. ; |c 18 cm | ||
| 490 | |a Biblioteca teatral ; 92 | ||
| 700 | |a Sanchis Sinisterra, José, |d 1940- |e escriptor d'un pròleg |9 35241 | ||
| 710 | 1 | |a Institut del Teatre (Barcelona, Catalunya) |9 52662 |e entitat editora | |
| 901 | |a Arxiu | ||
| 942 | |n 1 |2 udc | ||
| 952 | |0 0 |1 0 |4 0 |6 L1276 |7 1 |9 44831 |a Arxiu |b Arxiu |d 2016-12-01 |l 0 |o L-1-276 |p 11477 |r 2016-12-01 00:00:00 |w 2016-12-01 |y ARXIU | ||
| 999 | |c 47429 |d 47429 | ||